| 000 | 01146nam a22003737a 4500 | ||
|---|---|---|---|
| 001 | 000027088 | ||
| 003 | CHAP | ||
| 005 | 20220408105018.0 | ||
| 008 | 971013s1971 r 00010 d | ||
| 010 | _a26042 | ||
| 011 | _a27014 | ||
| 035 | _a31115 | ||
| 040 | _cCHAP | ||
| 090 | _aFolleto 1757 | ||
| 100 | 0 | 0 |
_aBurgos Martínez, Felipe. _916171 |
| 245 | 1 | 0 | _aAnatomía del inventario forestal continuo |
| 260 |
_aMéxico, D. F. : _bUnidad Industrial de Explotación Forestal de San Rafael, _c1971. |
||
| 300 | _a31 p. | ||
| 490 | 1 |
_aBoletín _v; 1 |
|
| 590 |
_aBATCH-UPD _b10 _c20130110 |
||
| 590 |
_aBATCH-UPD _b10 _c20130410 |
||
| 590 |
_aBATCH-UPD _b10 _c20130914 |
||
| 590 |
_aCONVERSION _b10 _c20130109 |
||
| 590 |
_aE5995AHE _b05 _c20150113 |
||
| 650 | 1 | 4 |
_aBosques _xInventarios. _914240 |
| 700 | 0 |
_aCaballero Deloya, Miguel. _916549 |
|
| 830 | 0 |
_aBoletín _v; 1 _913507 |
|
| 901 | _aBK | ||
| 942 |
_cFOLL _2ddc |
||
| 942 |
_n0 _2ddc |
||
| 949 |
_aFolleto 1757 _bBC _cFOLL _d-72031 _eTS1 _i31115 _si |
||
| 949 |
_aFolleto 1757 _bBC _cFOLL _d-72032 _eTS2 _fc.2 _i31115 _si |
||
| 949 |
_aFolleto 1757 _bBC _cFOLL _d-72033 _eTS2 _fc.3 _i31115 _si |
||
| 999 |
_c26042 _d26042 |
||